| 000 | 01878cam a2200157 4500500 | ||
|---|---|---|---|
| 005 | 20260208010015.0 | ||
| 041 | _afre | ||
| 042 | _adc | ||
| 100 | 1 | 0 |
_aRey, Pierre-Louis _eauthor |
| 245 | 0 | 0 | _aKAZUYOSHI YOSHIKAWA, Proust et l’art pictural. Préface de JEAN- YVES TADIÉ. Paris, Honoré Champion, « Recherches proustiennes », 2010. Un vol. de 412 p. |
| 260 | _c2010. | ||
| 500 | _a76 | ||
| 520 | _aAuteur de la comédie des Amants déguisés (1728) qui passe pour avoir inspiré à Marivaux Le Jeu de l’amour et du hasard, l’abbé Aunillon (1685-1760) a laissé de nombreux écrits, dont une faible part a été publiée, de façon anonyme ou à titre posthume. La Bibliothèque-Musée de la Comédie-Française en conserve depuis la fin du XIXe siècle treize volumes manuscrits (deux ayant fait partie des collections Soleinne puis Taylor, et onze ayant appartenu à Sainte-Beuve puis au baron Pichon). Dans l’attente d’une étude complète de ces « Papiers Aunillon » qui fournissent un matériau de premier plan sur la vie littéraire du XVIIIe siècle, sont publiées ici quatre lettres d’Adrienne Lecouvreur (évoquant les fréquentations de la comédienne ou la programmation et la distribution de pièces — de Marivaux par exemple — au Théâtre Français), la réponse inédite de Voltaire à la lettre de condoléances que lui envoie l’abbé à la mort de Mme Du Châtelet, et deux lettres de Mme de Graffigny à Aunillon (dont elle lit avec intérêt, au début des années 1750, La Force de l’éducation et les Mémoires de Cécile, ainsi qu’un autre de ses romans publié par Mouhy). | ||
| 786 | 0 | _nRevue d'histoire littéraire de la France | 110 | 3 | 2010-11-16 | p. 705zh-751zh | 0035-2411 | |
| 856 | 4 | 1 | _uhttps://shs.cairn.info/revue-d-histoire-litteraire-de-la-france-2010-3-page-705zh?lang=fr&redirect-ssocas=7080 |
| 999 |
_c1654837 _d1654837 |
||